| 000 | 01243pam a2200349 a 4500 | ||
|---|---|---|---|
| 999 |
_c19291 _d19291 |
||
| 001 | 2598556 | ||
| 003 | BDDh-ASL | ||
| 005 | 20231015025753.0 | ||
| 008 | 970716s20041998ii bd 001 0 eng | ||
| 010 | _a 97028771 | ||
| 020 | _a0415153034 (hardbound) | ||
| 020 | _a0415153042 (pbk.) | ||
| 040 |
_aDLC _cDLC _dBDDh-ASL |
||
| 050 | 0 | 0 |
_aJV22 _b.A84 1998 |
| 082 | 0 | 0 |
_a325.303 _221 _bASK |
| 100 | 1 |
_aAshcroft, Bill, _d1946- |
|
| 245 | 1 | 0 |
_aKey concepts in post-colonial studies / _cBill Ashcroft, Gareth Griffiths, and Helen Tiffin. |
| 260 |
_aLondon : _aIndia: _aNew York : _bRoutledge, _c1998. _c2004 |
||
| 300 |
_axi, 275 p. ; _c21 cm. |
||
| 440 | 0 | _aKey concepts series | |
| 504 | _aIncludes bibliographical references (p. 243-264) and indexes. | ||
| 650 | 0 |
_aColonies _xDictionaries. |
|
| 650 | 0 |
_aDecolonization _xDictionaries. |
|
| 650 | 0 |
_aPostcolonialism _vDictionaries. |
|
| 650 | 0 |
_aEthnic attitudes _xDictionaries. |
|
| 650 | 0 |
_aRace relations _xDictionaries. |
|
| 700 | 1 |
_aGriffiths, Gareth, _d1943- |
|
| 700 | 1 | _aTiffin, Helen. | |
| 906 |
_a7 _bcbc _corignew _d1 _eocip _f19 _gy-gencatlg |
||
| 942 |
_2ddc _cBK |
||